Cumhuriyet Halk Partisi Kongreler Yönetmeliği (Record no. 9056)

MARC details
000 -BAŞLIK
Sabit Uzunlukta Kontrol Alanı 02033na a2200445 4500
999 ## - SİSTEM KONTROL NUMARALARI (KOHA)
Koha Biblionumber 9056
Koha Biblioitemnumber 9056
001 - KONTROL NUMARASI
Denetim Alanı 20380
003 - KONTROL NUMARASI IDENTIFIER
Denetim Alanı MIRAKIL
005 - SON İŞLEM TARİHİ VE ZAMANI
Denetim Alanı 20200706105931.0
008 - SABİT-BOY VERİ ELEMANLARI - GENEL BİLGİLER
Sabit Uzunlukta Kontrol Alanı 170118b tu 000 0
035 ## - SİSTEM KONTROL NUMARASI
Sistem Kontrol Numarası 20380
040 ## - KATALOGLAMA KAYNAK
Orijinal Kataloglama Ajansı Milas
Kataloglama Dili tur
Metne Dönüştürmek Ajansı TR-AnCHP
041 ## - DİL KODU
Metin / Ses Parça Veya Ayrı Başlığın Dil Kodu tur
082 ## - DEWEY ONLU SINIFLANDIRMA NUMARASI
Sınıflandırma Numarası CHP 324.2372026
Ürün Numarası C36y 2014
090 ## - SINIFLAMA NUMARASI
Sınıflama Numarası BROŞÜR 416
110 ## - ANA GİRİŞ - KURUMSAL ADI
Giriş Elemanı Olarak Kurumsal Ad Veya Yargı Alanı Adı Cumhuriyet Halk Partisi (CHP)
222 ## - ANAHTAR ADI
Anahtar Başlık Yönetmelikler
245 ## - BAŞLIK TABLOSU
Başlık Cumhuriyet Halk Partisi Kongreler Yönetmeliği
Başlığın Kalan 2014
-- İl ve İlçe Kongreleri ile Muhtarlık Bölgesi ve İlçe Kongreleri Delegelerinin Seçimi
Sorumluluk Tablosu, Vb CHP
246 ## - UNVAN FORM VARYING
Başlık Doğru / Kısa Başlığı CHP Kongreler yönetmeliği
246 ## - UNVAN FORM VARYING
Başlık Doğru / Kısa Başlığı CHP yönetmeliği
246 ## - UNVAN FORM VARYING
Başlık Doğru / Kısa Başlığı CHP 2014 yönetmeliği
246 ## - UNVAN FORM VARYING
Başlık Doğru / Kısa Başlığı Cumhuriyet Halk Partisi yönetmelik
246 ## - UNVAN FORM VARYING
Başlık Doğru / Kısa Başlığı CHP 2014 yönetmelikleri
246 ## - UNVAN FORM VARYING
Başlık Doğru / Kısa Başlığı CHP İl ve İlçe Kongreleri ile Muhtarlık Bölgesi ve İlçe Kongreleri Delegelerinin Seçimi yönetmeliği
260 ## - YAYIN, DAĞITIM, VB
Yayın, Dağıtım, Vb Yeri Ankara
Yayıncı, Dağıtıcı, Vs Adı CHP
Yayın, Dağıtım, Vb Tarihi 2014
300 ## - FİZİKSEL TANIM
Kapsam 30 s.
Boyutlar 19x13 sm.
440 ## - SERİSİ TABLOSU / KATMA GİRİŞİ - BAŞLIK
Başlık Cumhuriyet Halk Partisi yayınları
Bir İşin Parçası / Bölümün İsmi Yönetmelikler
500 ## - GENEL NOT
Genel Not Dış kapak yapıt adı: Kongreler ((İl ve İlçe Kongreleri ile Muhtarlık Bölgesi ve İlçe Kongreleri Delegelerinin Seçimi) yönetmeliği
500 ## - GENEL NOT
Genel Not Kütüphaneciden çevrimdışı versiyonu sağlanabilir.
610 ## - KONU KATMA GİRİŞ - TOPLANTI ADI
Giriş Elemanı Olarak Kurumsal Ad Veya Yargı Alanı Adı Cumhuriyet Halk Partisi (CHP)
Genel Alt Bölüm Yönetmelikler, 2014
610 ## - KONU KATMA GİRİŞ - TOPLANTI ADI
Giriş Elemanı Olarak Kurumsal Ad Veya Yargı Alanı Adı Cumhuriyet Halk Partisi (CHP)
Genel Alt Bölüm Hukuk ve mevzuat
Kronolojik Alt Bölüm Yönetmelikler
651 ## - KONU KATMA GİRİŞ - COĞRAFİ ADI
Coğrafi İsim Türkiye
Genel Alt Bölümü Siyaset ve yönetim
Kronolojik Alt Bölümü 2014-2016
740 ## - KATMA GİRİŞ - KONTROLSUZ İLGİLİ / ANALİTİK BAŞLIK
Kontrol Edilmeyen / İlgili Analitik Başlıktaki Kongreler ((İl ve İlçe Kongreleri ile Muhtarlık Bölgesi ve İlçe Kongreleri Delegelerinin Seçimi) yönetmeliği
740 ## - KATMA GİRİŞ - KONTROLSUZ İLGİLİ / ANALİTİK BAŞLIK
Kontrol Edilmeyen / İlgili Analitik Başlıktaki 2014 CHP Kongreler yönetmeliği
740 ## - KATMA GİRİŞ - KONTROLSUZ İLGİLİ / ANALİTİK BAŞLIK
Kontrol Edilmeyen / İlgili Analitik Başlıktaki 2014 CHP İl ve İlçe Kongreleri ile Muhtarlık Bölgesi Temsilcilerinin İlçe Kongreleri Delegelerinin Seçimi yönetmeliği
830 ## - SERİSİ EKLENDİ GİRİŞ - ÜNİFORM ADI
Üniforma Başlık CHP yönetmelikleri
942 ## - EKLENDİ GİRİŞ ELEMANLARI (KOHA)
Sınıflandırma Veya Raf Düzeni Kaynak Dewey Decimal Classification
Koha Öğesi Türü Books
999 ## - SİSTEM KONTROL NUMARALARI (KOHA)
Koha Biblioitemnumber 9056
Holdings
Kullanım Kısıtlamaları Kalıcı Konum Mevcut Konum Edinme Tarihi Edinim Kaynak Kodlu Konum Eleme Toplam Check-Out'Lar Tam Çağrı Numarası Barkod Tarih Son Görülme İtibaren Geçerli Fiyatlar Koha Öğesi Türü
Kütüphane dışına çıkarılamaz CHP Kütüphanesi CHP Kütüphanesi 01/18/2017 Bağış BROŞÜRLER   BROŞÜR 416 011712 01/18/2017 01/18/2017 Visual Material